Le 120 giornate di Sodoma /

সংরক্ষণ করুন:
গ্রন্থ-পঞ্জীর বিবরন
প্রধান লেখক: Sade, Donatien Alphonse François : de (লেখক)
অন্যান্য লেখক: Barthes, Roland, Fiocchi, Angelo
বিন্যাস: গ্রন্থ
ভাষা:ইতালিয়
প্রকাশিত: Bergamo : Euroclub, 1980
ট্যাগগুলো: ট্যাগ যুক্ত করুন
কোনো ট্যাগ নেই, প্রথমজন হিসাবে ট্যাগ করুন!

MARC

LEADER 00000nam a22000007i 4500
001 IT\ICCU\TO0\0807231
003 ItRI
005 20250101201354.0
008 000114s1980 it |||||| ||||| |||||c
040 |b ita  |c Arcigay Genova 
041 7 |a ita  |2 ISO-639-2 
100 1 |a Sade, Donatien Alphonse François : de  |0 IT\ICCU\CFIV\004315  |4 aut 
245 1 3 |a Le 120 giornate di Sodoma /  |c D. A. F. de Sade ; a cura di Angelo Fiocchi ; con una introduzione di Roland Barthes. 
260 |a Bergamo :  |b Euroclub,  |c 1980 
300 |a 508 p. ;  |c 20 cm. 
700 1 |a Barthes, Roland  |0 IT\ICCU\CFIV\016752 
700 1 |a Fiocchi, Angelo  |0 IT\ICCU\CFIV\105927 
942 |2 ddc  |c BK 
952 |0 0  |1 0  |2 ddc  |4 0  |6 843_500000000000000_DES_120  |7 1  |9 2655  |a GE  |b GE  |d 2025-01-01  |l 0  |o 843.5 DES 120  |p 1356  |r 2025-01-01 20:15:07  |w 2025-01-01  |x Donazione di Alvaro Bazzano  |y BK  |z Donazione AB 
981 1 |6 z01  |a i   |b xxxe  
982 1 |6 z01  |a n 
999 |c 2290  |d 2290